000
00316nam a2200133Ia 4500
005
20260328104335.0
008
260328s9999||||xx |||||||||||||| ||und||
100
_a
Cameron, William
245
0
_a
Swedish Architecture /
_c
William Cameron
260
_b
AB
300
_a
116 p.
650
_a
ARQUITECTURA
942
_c
BK
999
_c
11885
_d
11885